[Event "Dortmund SuperGM 23rd"]
[Site "Dortmund"]
[Date "1995.07.19"]
[Round "5"]
[White "Lautier, Joel"]
[Black "Piket, Jeroen"]
[Result "1-0"]
[WhiteElo "2645"]
[BlackElo "2625"]
[Annotator "Lautier,J"]
[PlyCount "119"]
[EventDate "1995.07.14"]
[EventType "tourn"]
[EventRounds "9"]
[EventCountry "GER"]
[EventCategory "17"]
[SourceTitle "CBM 048"]
[Source "ChessBase"]
[SourceDate "1995.10.01"]
[SourceVersion "1"]
[SourceVersionDate "1995.10.01"]
[SourceQuality "1"]

1. d4 {Dautov King Hecht Von Gleich Konikowski} Nf6 2. c4 e6 3. Nf3 b6 4. a3
Bb7 5. Nc3 g6 6. Qc2 Bxf3 7. gxf3 Bg7 $6 (7... Nc6 $142 {Dautov} 8. e3 Bg7) 8.
Bg5 Nc6 9. O-O-O h6 10. Bh4 O-O (10... Ne7 {Dautov} 11. d5 (11. e4 Nh5 $1)
11... exd5 (11... Nf5 12. Bg3 Nh5 13. dxe6 fxe6 14. Nb5 Nhxg3 15. hxg3 a6 16.
Nc3 b5 17. g4 Ne7 18. c5 $16 {Savchenko,S-Davies,N/Groningen 1992}) 12. cxd5
Nf5 13. Bg3 O-O 14. e4 Nxg3 15. hxg3 Qe7 16. f4 $16 {Dorfman,J-Romanishin,O/
Polanica Zdroj 1992}) (10... g5 {Von Gleich} 11. Bg3 Nh5) 11. f4 {/\ d5, e4+/-
Michaltschischin empfiehlt hier} (11. d5 Ne7 (11... Ne5 $2 12. f4 (12. dxe6
fxe6 13. f4 Nxc4 14. Qxg6 $16) 12... Nxc4 13. e4 $18) (11... exd5 12. cxd5 Ne7
13. f4 (13. e4 Nh5 $13) (13. Bh3 $5 $14) (13. e4 $16 {Konikowski}) 13... Nf5
14. Bg3 $14 {/\e4}) 12. e4 (12. dxe6 fxe6 13. f4 Nf5 14. Bg3 $14) 12... g5 13.
Bg3 Nh5 $132) 11... d5 $8 {/\Ne7,c6} 12. e4 dxe4 13. d5 {King White blasts
through the middle of the board and only later turns his attention to the
kingside.} (13. Nxe4 {Von Gleich} Nxd4) 13... Ne7 (13... exd5 14. Nxd5 g5 $8
15. fxg5 {Von Gleich} Nxd5 16. Rxd5 Qe7 17. Bg2 (17. gxh6 Bxh6+ 18. Kb1 Qxh4
19. Rg1+ Kh8) 17... Rfe8 (17... Nd4 18. Qxe4 Ne2+ (18... Qxe4 19. Bxe4 Rae8 20.
f3 $16) 19. Kb1 $16) (17... Rae8 18. Re1 Nd4 19. Qxe4 $16) (17... Ne5 {Dautov}
18. gxh6 Bxh6+ 19. Kb1 Qxh4 20. Rxe5 $14) 18. Re1 Nd4 19. Qd1 $1 $16 (19. Qxe4
$2 Qf8 $17)) 14. Nxe4 (14. dxe6 Qe8 (14... Qc8 15. Nxe4 (15. Bxf6 Bxf6 16. Nd5
$1 (16. Nxe4 {Von Gleich}) 16... fxe6 17. Nxe7+ (17. Nxf6+ $5 Rxf6 18. Qxe4 Qe8
19. Bh3 $14 {->}) 17... Bxe7 18. Qxe4 (18. Bg2 $5 Rxf4 19. Bxe4 Rb8 20. Bxg6
$14) 18... Rf6 19. Rg1 Qe8 20. Qe5 $14) (15. exf7+ Rxf7 16. Nxe4 Nh5 $13) 15...
fxe6 (15... Qxe6 $2 16. Re1 $1 $16) 16. Bg2 Rb8 17. Rhe1 Nf5 18. Bxf6 Bxf6 19.
Nxf6+ Rxf6 20. Qc3 $16) 15. Bxf6 (15. Bh3 fxe6 (15... Qc6 16. Bxf6 Bxf6 17.
exf7+ Rxf7 18. Nxe4 $16) 16. Bxe6+ Kh8 17. Rhe1 $16) 15... Bxf6 16. Nd5 Nxd5
17. cxd5 fxe6 18. dxe6 $16) 14... Nf5 15. dxe6 Qe7 16. Bxf6 Bxf6 17. Rd7 (17.
Nxf6+ Qxf6 18. exf7+ Rxf7 19. Bg2 c6 20. Qe4 Rc8 $14) (17. Bg2 Rad8 18. Nxf6+
Qxf6 19. exf7+ Kxf7 $1 $14) (17. exf7+ Qxf7 (17... Rxf7 $2 18. Bg2 Rd8 19. Ng3
$16) 18. Bg2 Rad8 19. Ng3 Nd4 $132) 17... Qxe6 18. Bh3 $1 $16 Rad8 (18... Bh4 {
Von Gleich} 19. Rd5 $1 (19. Rhd1 Rad8) 19... Rad8 (19... Rfd8 20. Bxf5 gxf5 21.
Rg1+ Kf8 22. Qc3 f6 23. Ng3 $16) 20. Bxf5 gxf5 21. Rg1+ Kh8 (21... Kh7 22. Rxf5
$18) 22. Qc3+ f6 23. Qh3 Qxe4 24. Qxh4 Kh7 25. Qh5 $1 Qxf4+ 26. Kb1 Qe4+ 27.
Ka1 f4 28. Qg4 Rg8 29. Rd7+ Kh8 30. Rxd8 $18) (18... Rfd8 {Von Gleich} 19.
Nxf6+ (19. Bxf5 {Dautov} gxf5) 19... Qxf6 20. Bxf5 gxf5 21. Rg1+ Kf8 22. Rxc7
Rdc8 23. Rxc8+ Rxc8 24. Kb1 $16) (18... Qxd7 $4 {Konikowski} 19. Nxf6+ $18) 19.
Nxf6+ (19. Rxc7 {Dautov} Bg7 20. Rxa7 Rd4 $44) 19... Qxf6 20. Bxf5 gxf5 21.
Rg1+ Kh7 22. Rxc7 Rd4 $2 (22... Rc8 23. Rxc8 Rxc8 24. Kb1 $16) 23. Kb1 $2 {Nach
} (23. Qc3 $1 Qd6 24. Kb1 Rd1+ (24... Qxf4 $2 25. Rd7 $18) 25. Rxd1 Qxd1+ 26.
Ka2 $18) (23. Rxa7 $2 Rc8 {bekäme Schwarz ein Gegenspiel auf der c-Linie.} 24.
b3 Rcd8 $1 $40 (24... b5 $2 25. Ra6 $1 Qxa6 26. Qxf5+ Kh8 27. Qe5+ $16) (24...
Rxf4 25. Kb1 $16)) 23... Rxf4 24. Rd1 $6 (24. Rxa7 $16) (24. Rxa7 Qd4 $132)
24... Qh4 $1 $132 25. Qc3 Rxf2 26. Rg1 Qe4+ 27. Ka2 {King White's safer king
position gives him the advantage.} Rg2 28. Rxg2 Qxg2 {Hecht Q+R - Q+R Angriff
gegen den schwarzen K} 29. Qe5 Qe4 (29... Qg4 $5) 30. Qf6 f4 31. h4 {King If
instead 31.Rc6, then 31...Qg6 saves the day.} (31. Rxf7+ Rxf7 32. Qxf7+ {
hätte Weiß Dauerschach in der Tasche, aber Lautier möchte noch mehr!} Kh8 33.
Qf8+ $10) 31... b5 $2 $138 (31... f3 $1 {/\} 32. h5 (32. Rc6 f2 (32... Qg6 33.
Qxf3 $16) 33. Qxh6+ Kg8 34. Qg5+ Qg6 35. Rxg6+ (35. Rf6 Qxg5 36. hxg5 Rc8 37.
Kb3 Rc5 $10) 35... fxg6 36. Qxg6+ Kh8 37. Qh5+ Kg8 38. Qg4+ Kh8 39. Qd4+ Kg8
$10) 32... Qe3 $132 (32... Kg8 33. Qxh6 $2 Qf5 $17)) 32. h5 (32. cxb5 Qd5+ 33.
b3 Qg2+ $10) 32... bxc4 33. Rc6 $16 (33. Rxf7+ $10) 33... Kg8 34. Qxh6 Qd5 {
Schwarz übersah nun, daß er nach} (34... Rb8 35. Qg5+ Kf8 36. Qf6 $16 {->}) (
34... Qe5 $1 {/\Rb8} 35. Qf6 (35. Rxc4 $6 Rb8 36. Rc2 (36. Rb4 $4 Rxb4 37. axb4
Qe6+ 38. Qxe6 fxe6 $19) 36... Qe6+ (36... f3 {Konikowski} 37. Qc6 Qxh5 38. Rf2
Qg4 39. Qxf3 Qxf3 40. Rxf3 Kg7 41. b4 {die Partie in ein ausgeglichenes
Turmendspiel abwickeln konnte.}) 37. Qxe6 fxe6 $17) 35... Re8 (35... Qb5 36. h6
Qb3+ 37. Kb1 Qd1+ 38. Ka2 Qb3+ $10) 36. h6 Qxf6 37. Rxf6 Re2 38. Kb1 $10) 35.
Rd6 Qe5 (35... Qb5 36. Qxf4 Rb8 37. Rd2 $16) 36. Rd1 Qe3 $2 (36... Qc5 37. Qxf4
$16) (36... Qg7 37. Qxf4 $16 (37. Qxf4 {Konikowski} c3 38. Rd3 Kh7 39. Rxc3 {
mit weißem Vorteil.})) (36... Qc5 $142) 37. Qg5+ (37. Rd5 f6 38. Qg6+ Kh8 39.
Rd7 $18) 37... Kh7 38. Rg1 $4 $138 {Ein ärgerlicher Fehler. Nach} (38. Rd6 f6 {
King} (38... Qb3+ 39. Ka1 $18) 39. Rd7+ $18) 38... Qd4 39. Qf5+ Kh8 40. Rg6 $1
$8 {Lautier findet doch die letzte Chance.} fxg6 (40... Rb8 {Hecht} 41. Rh6+
Kg8 42. Qh7+ Kf8 43. Qh8+ $18 Qxh8 44. Rxh8+ Ke7 45. Rxb8 f3 46. h6) 41. Qxf8+
{Hecht Q-Q nach dem Fall aller schwarzen P-Schwächen 2-1 P am Q-Flügel mit
entferntem schwarzen K fehlerhafter Q-Tausch führt zu verlorenem P-Endspiel}
Kh7 42. Qf7+ Qg7 43. hxg6+ Kh6 44. Qxf4+ Kxg6 45. Qg4+ Kf6 46. Qd4+ Kg6 47.
Qxc4 $16 Kf5 (47... Qb7 $5 {Konikowski}) 48. Kb3 Qb7+ 49. Qb4 Qa6 50. Qc5+ Ke6
$4 {Ein Verlustzug. Notwendig war} (50... Kf6 51. Kb4 (51. Qc3+ {Konikowski}
Ke7 52. Qg7+ Kd8 {und Schwarz lebt noch!}) (51. Qf8+ Ke5 52. Qe7+ Kd5 53. Qd8+
Ke6 {usw.}) 51... Qb7+ 52. Qb5 Qc7 $16) 51. Qc4+ {Ein Übergang ins gewonnenen
Bauernendspiel.} Qxc4+ 52. Kxc4 $18 {2-1 P, theoretisch verlorenes Endspiel
a+b - a dank des Tempozugs 57.b3!} Kd6 53. Kb5 Kc7 54. Ka6 Kb8 55. a4 Ka8 56.
a5 Kb8 57. b3 $1 {Aber nicht} (57. b4 $2 {Konikowski} Ka8 58. b5 Kb8 59. b6
axb6 60. axb6 Ka8 61. b7+ Kb8 62. Kb6 {patt!}) 57... Ka8 58. b4 Kb8 59. b5 Ka8
60. b6 1-0

[Event "Gibraltar Masters 10th"]
[Site "Caleta"]
[Date "2012.01.28"]
[Round "5"]
[White "Mamedyarov, Shakhriyar"]
[Black "Huschenbeth, Niclas"]
[Result "1-0"]
[WhiteElo "2747"]
[BlackElo "2518"]
[Annotator "Let's Check Training"]
[PlyCount "61"]
[EventDate "2012.01.24"]
[EventType "swiss"]
[EventRounds "10"]
[EventCountry "GGB"]
[SourceTitle "CBM 147"]
[Source "ChessBase"]
[SourceDate "2012.03.16"]
[SourceVersion "1"]
[SourceVersionDate "2012.03.16"]
[SourceQuality "1"]

1. d4 Nf6 2. c4 e6 3. Nf3 b6 4. a3 Bb7 5. Nc3 d5 6. cxd5 Nxd5 7. Bd2 Be7 8. Qc2
O-O 9. e4 Nxc3 10. Bxc3 c5 11. dxc5 bxc5 12. Rd1 Qc7 13. Bd3 Nc6 14. e5 h6 15.
O-O Rfd8 16. Bh7+ Kh8 17. Be4 Qb6 18. Qa4 Rac8 19. Bb1 Rxd1 20. Rxd1 Rd8 21. h4
h5 22. Re1 g6 23. Qf4 Kg8 24. Ng5 Bxg5 25. Qxg5 Nd4 26. Re3 Qc7 27. Kh2 Bd5 $2
(27... Kf8 28. Qh6+ Ke8 $16) 28. Bxg6 $18 fxg6 {[%tqu "En","","","","c3a5","",
10]} 29. Ba5 $1 Qxa5 30. Qxg6+ Kf8 31. Rg3 1-0

[Event "GRE-chT 35th"]
[Site "Ermioni Argolidas"]
[Date "2006.07.10"]
[Round "9"]
[White "Azmaiparashvili, Zurab"]
[Black "Macieja, Bartlomiej"]
[Result "0-1"]
[WhiteElo "2669"]
[BlackElo "2613"]
[Annotator "Macieja,B"]
[PlyCount "104"]
[EventDate "2006.07.03"]
[EventType "team"]
[EventRounds "9"]
[EventCountry "GRE"]
[SourceTitle "CBM 113"]
[Source "ChessBase"]
[SourceDate "2006.07.31"]
[SourceVersion "1"]
[SourceVersionDate "2006.07.31"]
[SourceQuality "1"]

1. d4 e6 2. c4 Nf6 3. Nf3 b6 4. a3 Bb7 5. Nc3 d5 6. cxd5 Nxd5 7. Qa4+ {A try
to avoid the main theoretical lines (7.Qc2, 7.e3, 7.Bd2).} Nd7 (7... Qd7 {
could lead to main lines after} 8. Qc2 Nxc3 9. bxc3 Be7 10. e4 O-O {
Azmaiparashvili - Epishin, Reggio Emilia 1996.}) 8. Nxd5 Bxd5 9. Bg5 ({After} 
9. Qc2 c5 10. e4 Bb7 11. Bf4 cxd4 12. Rd1 Qc8 13. Qb1 Be7 14. Rc1 Nc5 15. b4
Bxe4 16. Qb2 O-O 17. bxc5 Bxc5 {in Azmaiparashvili - Ponomariov, Cap d'Agde
2003, Black obtained a very strong compensation for the piece.}) 9... Be7 10.
Bxe7 Qxe7 11. Rc1 $6 ({A very risky try to play for a win. White is far away
in development, thus he should rather force a draw} 11. Ne5 a6 12. Qxd7+ Qxd7
13. Nxd7 Kxd7 14. f3 f5 15. e3 Rhc8 16. Rc1 c5 17. dxc5 Rxc5 18. Kd2 Rxc1 {
1/2 - 1/2 Azmaiparashvili - Grischuk, Moscow 2002.}) 11... O-O $1 12. e4 $2 {
A very dubious novelty.} ({If} 12. Rxc7 $2 {then Black takes initiative with a
small tactical trick:} Nc5 13. Rxe7 Nxa4 {Azmaiparashvili - Kramnik, Cap
d'Agde 2003.}) ({It wasn't too late to equalize by the modest} 12. e3 {.})
12... Bxe4 13. Rxc7 Nc5 $1 14. dxc5 Qxc7 15. Qxe4 {White's idea has become
obvious - he won two pieces for a rook. However, due to a bad development, he
loses 2 pawns now.} Qxc5 16. Qe3 (16. Bd3 Qc1+ 17. Ke2 Qxb2+ $17) (16. Qb1 Qa5+
$1 $17) 16... Qc2 $1 17. Bd3 Qxb2 18. O-O Rad8 $1 (18... Rac8 19. Ne5 {with an
attack.}) 19. h4 (19. Ne5 Qd4 $1 $17) 19... Qf6 $1 20. Rb1 (20. Qe4 Qg6 $1 $17)
20... Rd5 21. Rb4 Rc8 $1 ({Another precise move. After} 21... Rfd8 22. Bb1 $1 {
White can stabilize his position and start preparing an attack.}) 22. Ng5 {
This move only increases problems, however it is difficult to recommend
something instead.} h6 23. Ne4 Qe5 $1 24. f4 {There wasn't anything better.}
Qh5 25. Nf2 Qxh4 {White lost the third pawn, additionally his king's position
has weakened - the battle is almost finished.} 26. f5 Qf6 ({Black should not
hurry up with changing queens, as} 26... Qg5 $2 27. Qxg5 hxg5 28. fxe6 fxe6 {
was destroying the whole pawn structure on the king's side.}) 27. fxe6 Qxe6 28.
Re4 ({Now} 28. Qxe6 fxe6 {is much better version of an ending for Black .})
28... Qc6 29. Qe2 (29. Rc4 Rc5 $19) 29... g6 30. Re7 Qc1+ $6 (30... Qd6 31. Bc4
Rb5 $3 $19) 31. Kh2 Rc7 $2 ({Too nervous. After} 31... Rh5+ 32. Nh3 Qxa3 {
Black would win easily.}) 32. Re8+ Kg7 33. Nh3 $2 ({The last chance to
complicate the game was} 33. Bxg6 {and Black couldn't take a bishop in neither
way:} fxg6 $4 (33... Kxg6 $4 34. Qe4+ Rf5 35. Rg8+ Kh7 36. Rg4 $1 Qc5 (36...
Rcc5 37. Nd3 $18) 37. Rf4 $18) ({I was intending to play} 33... Rg5 $1 34. Be4
(34. Nd3 Qxa3 35. Bh5 (35. Be4 Re7 36. Rxe7 Qxe7 $19) 35... Rd7 36. Ne1 a5 $19)
(34. Bd3 Qf4+ 35. Kh1 Rc1+ 36. Nd1 Qh4+ 37. Kg1 Qd4+ 38. Kh2 Qd6+ 39. Kg1 Qc5+
40. Kf1 Qd4 $19) 34... Qf4+ 35. Kg1 Rc1+ 36. Nd1 Rgc5 37. Rd8 (37. Qb2+ R5c3
38. Bf3 Rxd1+ 39. Bxd1 Qd4+ $19) 37... Re5 38. Rd4 Rxe4 39. Rxe4 Rxd1+ 40. Qxd1
Qxe4 $19) 34. Re7+ Kf8 35. Re8+ Kg7 $11) 33... Qxa3 {The rest is very simple.}
34. Nf4 Rg5 35. Qf2 Qc5 36. Qb2+ Qc3 37. Qf2 Qc5 {Being under time pressure,
Black repeats moves in order to win some time on a clock. Suddenly, white
tried his last trick. After a few-minutes thought, he played...} 38. Qb2+ {
...offering a draw.} Qc3 39. Qf2 Kh7 ({Another simple possibility was} 39...
Re5 40. Rd8 Qe1 $19) 40. Qf3 Qd4 41. g3 b5 42. Ne2 Qb2 43. Kh3 a5 44. Rd8 Qe5
45. Nf4 Qe1 46. g4 Re7 47. Ng2 Qe5 48. Nf4 Qe3 49. Kg2 Qxf3+ 50. Kxf3 Ra7 51.
Nh5 a4 52. Rb8 (52. Nf6+ Kg7 53. Ne8+ Kf8 $19) 52... Ra6 {White resigned,} ({
as after} 52... Ra6 53. Bxb5 Rxb5 54. Rxb5 a3 55. Rb1 a2 56. Ra1 gxh5 57. gxh5
Kg7 {the ending was hopeless for him.}) 0-1

[Event "Olympiad-32"]
[Site "Yerevan"]
[Date "1996.09.19"]
[Round "4.3"]
[White "Lputian, Smbat G"]
[Black "Barus, Cerdas"]
[Result "1-0"]
[WhiteElo "2595"]
[BlackElo "2410"]
[Annotator "Makarichev,S"]
[PlyCount "93"]
[EventDate "1996.09.15"]
[EventType "team-swiss"]
[EventRounds "14"]
[EventCountry "ARM"]
[SourceTitle "CBM 055"]
[Source "ChessBase"]
[SourceDate "1996.12.01"]
[SourceVersion "1"]
[SourceVersionDate "1996.12.01"]
[SourceQuality "1"]
[WhiteTeam "Armenia"]
[BlackTeam "Indonesia"]
[WhiteTeamCountry "ARM"]
[BlackTeamCountry "INA"]

1. d4 Nf6 2. c4 e6 3. Nf3 b6 4. a3 Bb7 5. Nc3 d5 6. Qc2 Be7 7. cxd5 Nxd5 8. Bd2
O-O 9. e4 Nxc3 10. Bxc3 c6 $5 {N/} (10... c5 $5 11. dxc5 Bxc5 12. Bd3 a5 13.
O-O Ba6 14. Rad1 $40 {Gelfand,B-Ballmann,M/Adelaida/1988/}) 11. h4 $5 (11. Bd3
$5 $14) 11... a5 12. Ng5 $1 b5 13. d5 $5 Bxg5 (13... b4 14. dxe6 $1 (14. axb4
$2 axb4 15. Rxa8 Bxa8 $13) (14. e5 $6 Bxg5 15. hxg5 g6 $13) 14... bxc3 (14...
Bxg5 15. exf7+ Rxf7 16. hxg5 bxc3 17. Bc4 $1 $16 (17. Rd1 $5 $16) 17... cxb2
$140 18. Qxb2 Ba6 19. Bxf7+ Kxf7 20. Rxh7 $18) 15. exf7+ Kh8 (15... Rxf7 16.
Nxf7 Kxf7 17. Bc4+ Kf8 18. Qxc3 $16) 16. Rd1 (16. e5 Qd2+ $1 $13 (16... g6 17.
Rd1 $1 $16)) 16... Qc7 17. Bc4 cxb2 18. e5 Qxe5+ 19. Kf1 g6 (19... Bxg5 20.
hxg5 g6 21. Qxg6 Qg7 22. Qe4 Ba6 23. Bxa6 Nxa6 24. g6 h6 25. Qf4 $18) 20. Re1
Qd4 21. Re4 $3 (21. Rxe7 $2 Qxc4+ $1 22. Qxc4 b1=Q+ 23. Ke2 Ba6 $1 $13) 21...
Qf6 22. Rxe7 $18) 14. hxg5 Qxg5 15. dxe6 fxe6 16. Rd1 $1 Rf7 (16... Na6 $2 17.
Rd7 Rf7 18. Rxf7 Kxf7 19. Rxh7 $18) 17. Rd3 $1 $16 Nd7 18. Rg3 Qe7 19. Bd3 e5 (
19... b4 $5 20. e5 g6 21. Bd2 (21. Bxg6 $6 hxg6 22. Rxg6+ (22. Qxg6+ Rg7 23.
Qh6 Rxg3 24. fxg3 (24. Qh8+ $2 Kf7 25. Rh7+ Kg6 $19) 24... bxc3 $1 25. Qg6+ Qg7
26. Qxe6+ Qf7 27. Rh8+ $10) 22... Rg7 (22... Kf8 $4 23. Rh8#) 23. Bd4 (23. Rh7
$5 Kxh7 24. Rxe6+ Kg8 25. Rxe7 Rxe7 26. Qg6+ Kf8 $13) 23... Nf8 24. Rgh6 Nh7
25. Bc5 Qf7 $13) 21... Nxe5 22. Be4 c5 23. f4 $1 $44) 20. Qe2 g6 21. b4 $1 axb4
22. axb4 Qe6 23. O-O Bc8 $6 (23... Ra2 24. Qd1 $14) 24. Bc2 $1 Nb6 25. Rg5 Nc4
26. Bb3 $16 Qe7 27. Bxc4 Qxg5 28. Bxf7+ Kxf7 29. Qb2 $36 Bh3 30. f4 $1 exf4 31.
Be5 Qxg2+ (31... Kg8 $2 32. Qb3+ $18) 32. Qxg2 Bxg2 33. Kxg2 g5 34. Rc1 $16 Kg6
35. Rxc6+ Kh5 36. Kf3 Rd8 (36... Ra3+ 37. Bc3 $1 $18 {o^e/}) 37. Rd6 Ra8 (37...
Rxd6 38. Bxd6 Kg6 39. Be7 h6 40. Bf8 $1 h5 (40... Kh5 41. e5 Kg6 42. e6 h5 43.
Bh6 $18) 41. Be7 h4 (41... Kh6 42. e5 Kg6 43. e6 Kf5 44. Bxg5 $18) 42. Kg4 $18)
38. Bc3 Ra3 39. Rc6 $18 Ra8 40. e5 Rf8 41. e6 g4+ 42. Kf2 Re8 43. Bf6 Rg8 44.
e7 g3+ 45. Kf3 g2 46. Rc5+ Kh6 47. Rg5 $1 (47. Rg5 g1=Q 48. Rxg1 $1 $18) 1-0

[Event "Olympiad-32"]
[Site "Yerevan"]
[Date "1996.09.20"]
[Round "5.4"]
[White "Kazhgaleyev, Murtas"]
[Black "Anastasian, Ashot"]
[Result "0-1"]
[WhiteElo "2525"]
[BlackElo "2550"]
[Annotator "Makarichev,S"]
[PlyCount "78"]
[EventDate "1996.09.15"]
[EventType "team-swiss"]
[EventRounds "14"]
[EventCountry "ARM"]
[SourceTitle "CBM 055"]
[Source "ChessBase"]
[SourceDate "1996.12.01"]
[SourceVersion "1"]
[SourceVersionDate "1996.12.01"]
[SourceQuality "1"]
[WhiteTeam "Kazakhstan"]
[BlackTeam "Armenia"]
[WhiteTeamCountry "KAZ"]
[BlackTeamCountry "ARM"]

1. d4 Nf6 2. Nf3 e6 3. c4 b6 4. a3 Bb7 5. Nc3 d5 6. Qc2 dxc4 7. Bg5 Nc6 8. Rd1
Be7 9. e4 Na5 10. Ne5 Nd7 11. Bxe7 Qxe7 12. Nxc4 Nxc4 13. Bxc4 O-O 14. O-O Rfd8
$1 {N/} (14... c5 $6 15. d5 $40 {Dreev,A-Almazi,Z/Tilburg/1994/} Ne5 16. Ba2 c4
17. d6 Qh4 18. f4 Ng4 19. g3 Qh3 20. Rfe1 $14) 15. Rfe1 c5 16. d5 (16. dxc5 $5
$10) 16... Ne5 17. Ba2 c4 $1 $132 18. dxe6 $6 (18. Re3 $5 Qc5 19. b4 $1 (19.
dxe6 fxe6 $13) 19... Qe7 20. f4 Nd3 21. Rexd3 cxd3 22. Qxd3 $44) 18... Qxe6 $15
19. Nd5 Rac8 20. Re3 (20. f4 $2 Nd3 $17) 20... b5 21. Qc3 Ng4 22. Ree1 Bxd5 23.
exd5 Qd6 24. g3 (24. Qh3 Nf6 $17) 24... Nf6 25. Re5 Re8 $1 26. Rxe8+ Rxe8 27.
a4 a6 28. axb5 axb5 29. Bb1 $6 (29. b3 $5 Nxd5 (29... Ne4 30. Qd4 c3 31. Bb1
Nd2 32. Qxc3 Nxb1 $10) 30. Qd4 Qa3 31. Bb1 Nf6 32. bxc4 $10) 29... g6 $15 30.
b3 Rc8 31. bxc4 Rxc4 $1 $17 {xd5/} 32. Qa5 b4 33. Qa4 h5 34. Qa2 (34. Ba2 Rc3
$17) 34... Rc3 35. Qd2 h4 36. Kg2 $6 $138 Nh5 $1 {xg3/} 37. Qd4 h3+ (37... hxg3
$2 38. hxg3 Nxg3 $2 39. Re1 $1 $16) 38. Kg1 $2 (38. Kxh3 $142 $1 Nf4+ 39. Kg4
$1 Ne2 $140 40. Qd2 (40. Qa7 $2 Qe5 $1 $19 (40... Qf6 $2 {xf3/} 41. f4 $1 (41.
Bd3 $4 Rxd3 42. Rxd3 Qf5+ 43. Kh4 Qh5#) (41. Be4 $2 Rc4 $19 42. f3 Qf5+ 43. Kh4
Qh5#))) 40... f5+ $1 (40... Qd7+ $2 41. Kh4 $13) (40... Qe5 $2 41. Qg5 f5+ 42.
Bxf5 (42. Kh3 $4 Nf4+ 43. Kh4 Qh8+ $19) 42... Qxf5+ 43. Qxf5 gxf5+ 44. Kxf5 $13
) 41. Kh4 $1 $13 (41. Kh3 $2 Nf4+) (41. Kg5 $2 Kg7 $1 42. Qxe2 Qf6+ 43. Kf4 g5#
)) 38... Nf6 $1 39. Qh4 $138 (39. Ba2 $5 Qa6 $1 $17 40. Re1 (40. Qxb4 $2 Qe2
$19 {/\Qe2-f3-g2/}) 40... Qxa2 41. Qxf6 Re3 $3 42. Rc1 Qc4 $1 43. Qa1 (43. Ra1
Qxd5 $19) (43. fxe3 Qxc1+ 44. Kf2 Qd2+ 45. Kf1 Qxd5 $19) (43. Rd1 Qe4 $1 $19)
43... Rc3 44. Re1 Qxd5 $19) 39... Qxd5 $1 (39... Qxd5 40. Rxd5 Rc1+) 0-1